Largest Cities in Grand Est - Statistics

General Stats
  • This quiz has been taken 138 times
  • The average score is 7 of 10
Answer Stats
Population City % Correct
118,489 Metz
96%
287,228 Strasbourg
96%
105,058 Nancy
92%
181,194 Reims
89%
108,312 Mulhouse
85%
68,682 Colmar
80%
61,957 Troyes
58%
40,778 Thionville
41%
44,379 Chalons-en-Champagne
25%
46,436 Charleville-Mezieres
24%
No matching quizzes found
Score Distribution
Percent of People with Each Score
Percentile by Number Answered
Your Score History
You have not taken this quiz